000 00704nam a2200217Ia 4500
003 GCL
008 140319s9999 xx 000 0 ara d
040 _aGCL /
_cGCL
082 0 4 _a189.1
_bم ع
100 1 _aمحمد سند
245 1 0 _aالعقل العملى /
_cمحمد سند
250 _aالاولى
260 _aبيروت :
_bدار الهادى ،
_c2002
300 _a399 ص ؛
_c24 سم
650 0 4 _aالفلسفة الاسلامية
650 0 4 _aالحركات الفكرية عند المسلمين
650 0 4 _aالاخلاق الاسلامية
650 0 4 _aالمذاهب الاسلامية
650 0 4 _aالفلسفة الاسلامية - تاريخ
942 _2ddc
_cBK
999 _c5532
_d5532